[Event "XLIV Memoriał Szachowy Ludwika Zamenhofa 2025, Grupa B"]
[Site "Bialystok, Poland"]
[Date "2025.12.30"]
[Round "7.8"]
[White "Medvedyk, Volodymyr"]
[Black "Kicinska, Anna"]
[Result "1/2-1/2"]
[TimeControl "90'+30\""]
[WhiteElo "2138"]
[BlackElo "1901"]

1. c4 {[%clk 01:26:49]} {[%emt 00:04:11]} c5 {[%clk 01:30:56]} {[%emt
00:00:04]} 2. g3 {[%clk 01:27:08]} {[%emt 00:00:11]} Nc6 {[%clk 01:31:14]}
{[%emt 00:00:12]} 3. Bg2 {[%clk 01:27:29]} {[%emt 00:00:09]} g6 {[%clk
01:31:40]} {[%emt 00:00:05]} 4. Nc3 {[%clk 01:27:51]} {[%emt 00:00:08]} Bg7
{[%clk 01:32:04]} {[%emt 00:00:05]} 5. Nf3 {[%clk 01:28:16]} {[%emt 00:00:05]}
d6 {[%clk 01:32:29]} {[%emt 00:00:06]} 6. O-O {[%clk 01:27:44]} {[%emt
00:01:01]} Bf5 {[%clk 01:32:32]} {[%emt 00:00:27]} 7. d3 {[%clk 01:16:37]}
{[%emt 00:11:38]} Qd7 {[%clk 01:30:44]} {[%emt 00:02:18]} 8. Nd5 {[%clk
01:13:40]} {[%emt 00:03:26]} Nf6 {[%clk 01:26:41]} {[%emt 00:04:33]} 9. Rb1
{[%clk 01:06:45]} {[%emt 00:07:25]} O-O {[%clk 01:18:47]} {[%emt 00:08:24]} 10.
Bg5 {[%clk 01:01:48]} {[%emt 00:05:27]} Nxd5 {[%clk 01:07:57]} {[%emt
00:11:20]} 11. cxd5 {[%clk 01:02:15]} {[%emt 00:00:03]} Nb4 {[%clk 01:07:45]}
{[%emt 00:00:42]} 12. a3 {[%clk 01:00:06]} {[%emt 00:02:39]} Na6 {[%clk
01:08:10]} {[%emt 00:00:06]} 13. e4 {[%clk 00:41:40]} {[%emt 00:18:56]} Bg4
{[%clk 01:08:28]} {[%emt 00:00:11]} 14. h3 {[%clk 00:41:11]} {[%emt 00:00:59]}
Bxf3 {[%clk 01:08:39]} {[%emt 00:00:19]} 15. Bxf3 {[%clk 00:40:06]} {[%emt
00:01:36]} Nc7 {[%clk 01:02:33]} {[%emt 00:06:36]} 16. Bg4 {[%clk 00:34:53]}
{[%emt 00:05:43]} Qd8 {[%clk 01:02:11]} {[%emt 00:00:52]} 17. b4 {[%clk
00:29:58]} {[%emt 00:05:24]} cxb4 {[%clk 00:53:00]} {[%emt 00:09:41]} 18. Rxb4
{[%clk 00:30:01]} {[%emt 00:00:28]} b5 {[%clk 00:50:10]} {[%emt 00:03:19]} 19.
h4 {[%clk 00:22:09]} {[%emt 00:08:23]} h6 {[%clk 00:46:14]} {[%emt 00:04:25]}
20. Be3 {[%clk 00:21:31]} {[%emt 00:01:08]} a5 {[%clk 00:44:22]} {[%emt
00:02:22]} 21. Rb1 {[%clk 00:17:15]} {[%emt 00:04:46]} h5 {[%clk 00:32:52]}
{[%emt 00:12:01]} 22. Bh3 {[%clk 00:17:26]} {[%emt 00:00:18]} b4 {[%clk
00:25:34]} {[%emt 00:07:48]} 23. Qa4 {[%clk 00:07:26]} {[%emt 00:10:30]} Na6
{[%clk 00:20:49]} {[%emt 00:05:14]} 24. Rfc1 {[%clk 00:06:47]} {[%emt
00:01:10]} Bc3 {[%clk 00:15:40]} {[%emt 00:05:38]} 25. Qb5 {[%clk 00:01:40]}
{[%emt 00:05:38]} Qb8 {[%clk 00:11:49]} {[%emt 00:04:21]} 26. Qd7 {[%clk
00:00:31]} {[%emt 00:01:38]} Qc7 {[%clk 00:11:41]} {[%emt 00:00:38]} 27. Qxc7
{[%clk 00:00:42]} {[%emt 00:00:19]} Nxc7 {[%clk 00:12:06]} {[%emt 00:00:05]} 28.
axb4 {[%clk 00:00:38]} {[%emt 00:00:35]} axb4 {[%clk 00:12:31]} {[%emt
00:00:05]} 29. Rxb4 {[%clk 00:00:52]} {[%emt 00:00:16]} Bxb4 {[%clk 00:12:45]}
{[%emt 00:00:16]} 30. Rxc7 {[%clk 00:01:19]} {[%emt 00:00:02]} Rfe8 {[%clk
00:10:46]} {[%emt 00:02:29]} 31. Bd7 {[%clk 00:01:27]} {[%emt 00:00:22]} Ba5
{[%clk 00:10:07]} {[%emt 00:01:09]} 32. Rc4 {[%clk 00:00:52]} {[%emt 00:01:06]}
Reb8 {[%clk 00:09:48]} {[%emt 00:00:49]} 33. Bc6 {[%clk 00:00:50]} {[%emt
00:00:32]} Rb1+ {[%clk 00:09:37]} {[%emt 00:00:40]} 34. Kg2 {[%clk 00:01:15]}
{[%emt 00:00:05]} Rab8 {[%clk 00:08:20]} {[%emt 00:01:48]} 35. Bd7 {[%clk
00:00:31]} {[%emt 00:01:14]} Bb6 {[%clk 00:05:55]} {[%emt 00:02:55]} 36. d4
{[%clk 00:00:37]} {[%emt 00:00:24]} Rd1 {[%clk 00:04:25]} {[%emt 00:01:59]} 37.
Kf3 {[%clk 00:00:35]} {[%emt 00:00:33]} Kg7 {[%clk 00:04:11]} {[%emt 00:00:44]}
38. Ba4 {[%clk 00:00:34]} {[%emt 00:00:31]} Rd3 {[%clk 00:03:19]} {[%emt
00:01:21]} 39. Ke2 {[%clk 00:00:33]} {[%emt 00:00:32]} Ra3 {[%clk 00:03:45]}
{[%emt 00:00:04]} 40. Bg5 {[%clk 00:00:32]} {[%emt 00:00:30]} Bd8 {[%clk
00:03:01]} {[%emt 00:01:14]} 41. Be3 {[%clk 00:00:31]} {[%emt 00:00:32]} Rb2+
{[%clk 00:02:31]} {[%emt 00:01:00]} 42. Kf3 {[%clk 00:00:35]} {[%emt 00:00:27]}
Ba5 {[%clk 00:01:39]} {[%emt 00:01:20]} 43. e5 {[%clk 00:00:32]} {[%emt
00:00:33]} Be1 {[%clk 00:01:21]} {[%emt 00:00:48]} 44. Rc2 {[%clk 00:00:32]}
{[%emt 00:00:30]} Rxc2 {[%clk 00:00:56]} {[%emt 00:00:56]} 45. Bxc2 {[%clk
00:01:00]} {[%emt 00:00:02]} Bc3 {[%clk 00:00:41]} {[%emt 00:00:45]} 46. Ke4
{[%clk 00:00:49]} {[%emt 00:00:41]} f5+ {[%emt 00:01:22]} 47. exf6+ {[%clk
00:00:32]} {[%emt 00:00:02]} exf6 {[%clk 00:01:00]} {[%emt 00:00:04]} 48. Bf4
{[%clk 00:00:31]} {[%emt 00:00:30]} Bb4 {[%clk 00:00:39]} {[%emt 00:00:52]} 49.
Be3 {[%clk 00:00:31]} {[%emt 00:00:30]} Bc3 {[%clk 00:00:34]} {[%emt 00:00:35]}
50. Bf4 {[%clk 00:00:35]} {[%emt 00:00:26]} Bb4 {[%clk 00:00:34]} {[%emt
00:00:30]} 51. Be3 {[%clk 00:00:56]} {[%emt 00:00:09]} Ra2 {[%clk 00:00:59]}
{[%emt 00:00:04]} 52. Kd3 {[%clk 00:00:33]} {[%emt 00:00:53]} Ra1 {[%clk
00:00:36]} {[%emt 00:00:53]} 53. Kc4 {[%clk 00:00:34]} {[%emt 00:00:30]} Be1
{[%clk 00:00:37]} {[%emt 00:00:29]} 54. Kb3 {[%clk 00:00:31]} {[%emt 00:00:33]}
Ra7 {[%clk 00:00:34]} {[%emt 00:00:33]} 55. Bd3 {[%clk 00:00:34]} {[%emt
00:00:26]} Rb7+ {[%clk 00:00:37]} {[%emt 00:00:28]} 56. Kc2 {[%clk 00:00:52]}
{[%emt 00:00:12]} f5 {[%clk 00:00:40]} {[%emt 00:00:27]} 57. Kd1 {[%clk
00:00:42]} {[%emt 00:00:40]} Ba5 {[%clk 00:00:57]} {[%emt 00:00:13]} 58. Kc2
{[%clk 00:00:32]} {[%emt 00:00:40]} Kf7 {[%clk 00:01:09]} {[%emt 00:00:18]} 59.
Bc4 {[%clk 00:00:33]} {[%emt 00:00:30]} Ke7 {[%clk 00:01:05]} {[%emt 00:00:32]}
60. Bg5+ {[%clk 00:00:32]} {[%emt 00:00:31]} Kd7 {[%clk 00:01:23]} {[%emt
00:00:12]} 61. Bb3 {[%clk 00:00:38]} {[%emt 00:00:25]} Be1 {[%clk 00:01:14]}
{[%emt 00:00:39]} 62. Ba4+ {[%clk 00:00:42]} {[%emt 00:00:26]} Kc7 {[%clk
00:01:36]} {[%emt 00:00:07]} 63. Be3 {[%clk 00:00:32]} {[%emt 00:00:40]} Kb6
{[%clk 00:01:50]} {[%emt 00:00:16]} 64. Be8 {[%clk 00:00:37]} {[%emt 00:00:26]}
Rg7 {[%clk 00:01:13]} {[%emt 00:01:07]} 65. Kd1 {[%clk 00:00:40]} {[%emt
00:00:27]} Bc3 {[%clk 00:01:08]} {[%emt 00:00:35]} 66. Kc2 {[%clk 00:00:31]}
{[%emt 00:00:39]} Bb4 {[%clk 00:00:56]} {[%emt 00:00:42]} 67. Kd3 {[%clk
00:00:36]} {[%emt 00:00:25]} Kc7 {[%clk 00:00:36]} {[%emt 00:00:49]} 68. Bh6
{[%clk 00:00:39]} {[%emt 00:00:27]} Rh7 {[%clk 00:00:47]} {[%emt 00:00:20]} 69.
Bg5 {[%clk 00:00:44]} {[%emt 00:00:24]} Rg7 {[%clk 00:01:09]} {[%emt 00:00:08]}
70. Bh6 {[%clk 00:00:42]} {[%emt 00:00:32]} Rh7 {[%clk 00:00:59]} {[%emt
00:00:40]} 71. Bg5 {[%clk 00:01:11]} Rg7 {[%clk 00:01:23]} {[%emt 00:00:07]} 72.
Ke4 {[%emt 00:01:01]} 1/2-1/2

[Event "XLIV Memoriał Szachowy Ludwika Zamenhofa 2025, Grupa B"]
[Site "Bialystok, Poland"]
[Date "2025.12.30"]
[Round "7.9"]
[White "Kicinska, Magdalena"]
[Black "Sawicki, Dorian"]
[Result "1/2-1/2"]
[TimeControl "90'+30\""]
[WhiteElo "1883"]
[BlackElo "1992"]

1. d4 {[%clk 01:30:59]} {[%emt 00:00:01]} Nf6 {[%clk 01:30:53]} {[%emt
00:00:07]} 2. Nf3 {[%clk 01:31:23]} {[%emt 00:00:06]} d5 {[%clk 01:31:15]}
{[%emt 00:00:08]} 3. Bg5 {[%clk 01:31:47]} {[%emt 00:00:06]} Ne4 {[%clk
01:31:40]} {[%emt 00:00:05]} 4. Bh4 {[%clk 01:32:12]} {[%emt 00:00:05]} c5
{[%clk 01:32:06]} {[%emt 00:00:04]} 5. dxc5 {[%clk 01:32:36]} {[%emt 00:00:05]}
Nc6 {[%clk 01:30:46]} {[%emt 00:01:50]} 6. e3 {[%clk 01:32:02]} {[%emt
00:01:05]} g6 {[%clk 01:30:27]} {[%emt 00:00:49]} 7. c3 {[%clk 01:31:44]}
{[%emt 00:00:48]} Bg7 {[%clk 01:28:14]} {[%emt 00:02:43]} 8. Nbd2 {[%clk
01:29:35]} {[%emt 00:02:39]} Nxc5 {[%clk 01:27:31]} {[%emt 00:01:13]} 9. Be2
{[%clk 01:28:44]} {[%emt 00:01:21]} O-O {[%clk 01:23:48]} {[%emt 00:04:13]} 10.
O-O {[%clk 01:28:25]} {[%emt 00:00:49]} h6 {[%clk 01:23:54]} {[%emt 00:00:24]}
11. b4 {[%clk 01:20:51]} {[%emt 00:08:04]} Nd7 {[%clk 01:16:02]} {[%emt
00:08:22]} 12. Rc1 {[%clk 01:15:32]} {[%emt 00:05:49]} g5 {[%clk 00:54:54]}
{[%emt 00:21:38]} 13. Bg3 {[%clk 01:14:43]} {[%emt 00:01:18]} e5 {[%clk
00:53:32]} {[%emt 00:01:53]} 14. Nb3 {[%clk 01:07:19]} {[%emt 00:07:55]} Ne7
{[%clk 00:51:10]} {[%emt 00:02:50]} 15. Bb5 {[%clk 01:04:44]} {[%emt 00:03:06]}
f6 {[%clk 00:49:35]} {[%emt 00:02:05]} 16. c4 {[%clk 00:58:02]} {[%emt
00:07:12]} a6 {[%clk 00:41:05]} {[%emt 00:09:00]} 17. Bxd7 {[%clk 00:57:26]}
{[%emt 00:01:06]} Qxd7 {[%clk 00:40:53]} {[%emt 00:00:41]} 18. Nc5 {[%clk
00:55:32]} {[%emt 00:02:24]} Qd8 {[%clk 00:40:38]} {[%emt 00:00:46]} 19. cxd5
{[%clk 00:53:17]} {[%emt 00:02:45]} Qxd5 {[%clk 00:39:00]} {[%emt 00:02:08]} 20.
Qe2 {[%clk 00:50:19]} {[%emt 00:03:27]} Nc6 {[%clk 00:36:15]} {[%emt 00:03:16]}
21. Rfd1 {[%clk 00:47:15]} {[%emt 00:03:33]} Qf7 {[%clk 00:36:33]} {[%emt
00:00:12]} 22. Qb2 {[%clk 00:45:15]} {[%emt 00:02:30]} Re8 {[%clk 00:32:19]}
{[%emt 00:04:45]} 23. e4 {[%clk 00:40:18]} {[%emt 00:05:27]} Bf8 {[%clk
00:23:00]} {[%emt 00:09:48]} 24. Nd2 {[%clk 00:33:53]} {[%emt 00:06:56]} Be6
{[%clk 00:19:31]} {[%emt 00:03:59]} 25. a3 {[%clk 00:29:33]} {[%emt 00:04:51]}
Nd4 {[%clk 00:17:38]} {[%emt 00:02:22]} 26. Nxe6 {[%clk 00:24:44]} {[%emt
00:05:18]} Qxe6 {[%clk 00:10:26]} {[%emt 00:07:43]} 27. Nc4 {[%clk 00:24:00]}
{[%emt 00:01:13]} Rec8 {[%clk 00:08:02]} {[%emt 00:02:54]} 28. Ne3 {[%clk
00:22:17]} {[%emt 00:02:13]} Rc6 {[%clk 00:06:48]} {[%emt 00:01:44]} 29. f3
{[%clk 00:17:13]} {[%emt 00:05:34]} Rac8 {[%clk 00:06:09]} {[%emt 00:01:10]} 30.
Rxc6 {[%clk 00:17:26]} {[%emt 00:00:16]} Rxc6 {[%clk 00:06:16]} {[%emt
00:00:23]} 31. Be1 {[%clk 00:14:51]} {[%emt 00:03:05]} Bd6 {[%clk 00:04:22]}
{[%emt 00:02:24]} 32. Kh1 {[%clk 00:14:07]} {[%emt 00:01:14]} h5 {[%clk
00:04:15]} {[%emt 00:00:37]} 33. Rc1 {[%clk 00:12:43]} {[%emt 00:01:54]} Qb3
{[%clk 00:02:10]} {[%emt 00:02:35]} 34. Qxb3+ {[%clk 00:12:45]} {[%emt
00:00:29]} Nxb3 {[%clk 00:02:38]} {[%emt 00:00:01]} 35. Rxc6 {[%clk 00:12:06]}
{[%emt 00:01:10]} bxc6 {[%clk 00:03:07]} {[%emt 00:00:01]} 36. Nf5 {[%clk
00:09:02]} {[%emt 00:03:33]} Bf8 {[%clk 00:03:11]} {[%emt 00:00:27]} 37. Kg1
{[%clk 00:05:01]} {[%emt 00:04:30]} Na1 {[%clk 00:02:43]} {[%emt 00:00:59]} 38.
Bd2 {[%clk 00:01:02]} {[%emt 00:04:29]} Nc2 {[%clk 00:02:44]} {[%emt 00:00:28]}
39. a4 {[%clk 00:01:19]} {[%emt 00:00:14]} Nxb4 {[%clk 00:02:44]} {[%emt
00:00:30]} 40. Bxb4 {[%clk 00:01:43]} {[%emt 00:00:06]} Bxb4 {[%clk 00:03:10]}
{[%emt 00:00:03]} 41. Kf1 {[%clk 00:01:46]} {[%emt 00:00:27]} Kf7 {[%clk
00:01:19]} {[%emt 00:02:21]} 42. Ke2 {[%clk 00:02:05]} {[%emt 00:00:11]} Bf8
{[%clk 00:01:18]} {[%emt 00:00:32]} 43. g4 {[%clk 00:01:41]} {[%emt 00:00:54]}
h4 {[%clk 00:01:25]} {[%emt 00:00:23]} 44. h3 {[%clk 00:02:06]} {[%emt
00:00:04]} Ke6 {[%clk 00:01:23]} {[%emt 00:00:33]} 45. Kd3 {[%clk 00:02:23]}
{[%emt 00:00:13]} Kd7 {[%clk 00:01:11]} {[%emt 00:00:42]} 46. Kc4 {[%clk
00:02:13]} {[%emt 00:00:40]} Kc7 {[%emt 00:01:09]} 1/2-1/2

[Event "XLIV Memoriał Szachowy Ludwika Zamenhofa 2025, Grupa B"]
[Site "Bialystok, Poland"]
[Date "2025.12.30"]
[Round "7.10"]
[White "Rajlich, Vaclav"]
[Black "Widelski, Kacper"]
[Result "1-0"]
[TimeControl "90'+30\""]
[WhiteElo "1985"]
[BlackElo "1874"]

1. e4 {[%clk 01:30:57]} {[%emt 00:00:02]} c5 {[%clk 01:27:27]} {[%emt
00:03:29]} 2. Nf3 {[%clk 01:31:24]} {[%emt 00:00:08]} Nc6 {[%clk 01:27:36]}
{[%emt 00:00:21]} 3. d4 {[%clk 01:31:50]} {[%emt 00:00:05]} cxd4 {[%clk
01:27:44]} {[%emt 00:00:21]} 4. Nxd4 {[%clk 01:32:16]} {[%emt 00:00:04]} Nf6
{[%clk 01:28:07]} {[%emt 00:00:06]} 5. Nc3 {[%clk 01:32:43]} {[%emt 00:00:04]}
e5 {[%clk 01:28:31]} {[%emt 00:00:06]} 6. Ndb5 {[%clk 01:33:10]} {[%emt
00:00:03]} d6 {[%clk 01:28:56]} {[%emt 00:00:06]} 7. Bg5 {[%clk 01:33:34]}
{[%emt 00:00:05]} a6 {[%clk 01:29:14]} {[%emt 00:00:12]} 8. Na3 {[%clk
01:33:56]} {[%emt 00:00:09]} b5 {[%clk 01:29:36]} {[%emt 00:00:07]} 9. Nd5
{[%clk 01:34:08]} {[%emt 00:00:18]} Be7 {[%clk 01:29:58]} {[%emt 00:00:08]} 10.
Bxf6 {[%clk 01:34:34]} {[%emt 00:00:05]} Bxf6 {[%clk 01:30:23]} {[%emt
00:00:04]} 11. c3 {[%clk 01:34:59]} {[%emt 00:00:05]} O-O {[%clk 01:30:17]}
{[%emt 00:00:36]} 12. Nc2 {[%clk 01:35:04]} {[%emt 00:00:25]} Rb8 {[%clk
01:30:37]} {[%emt 00:00:11]} 13. g3 {[%clk 01:33:39]} {[%emt 00:01:55]} g6
{[%clk 01:29:36]} {[%emt 00:01:30]} 14. h4 {[%clk 01:28:53]} {[%emt 00:05:16]}
Bg7 {[%clk 01:28:45]} {[%emt 00:01:20]} 15. Bg2 {[%clk 01:07:44]} {[%emt
00:21:40]} Ne7 {[%clk 01:27:22]} {[%emt 00:01:53]} 16. O-O {[%clk 01:04:16]}
{[%emt 00:03:58]} Bb7 {[%clk 01:17:10]} {[%emt 00:10:42]} 17. Nce3 {[%clk
01:03:54]} {[%emt 00:00:51]} Nxd5 {[%clk 01:15:40]} {[%emt 00:02:01]} 18. Nxd5
{[%clk 01:04:19]} {[%emt 00:00:04]} Bxd5 {[%clk 01:12:46]} {[%emt 00:03:26]} 19.
Qxd5 {[%clk 01:04:43]} {[%emt 00:00:05]} b4 {[%clk 01:12:30]} {[%emt 00:00:46]}
20. c4 {[%clk 01:02:35]} {[%emt 00:02:38]} Qb6 {[%clk 01:07:03]} {[%emt
00:05:57]} 21. Rfd1 {[%clk 01:01:58]} {[%emt 00:01:07]} Rfd8 {[%clk 01:03:07]}
{[%emt 00:04:25]} 22. a3 {[%clk 00:55:09]} {[%emt 00:07:18]} b3 {[%clk
00:51:19]} {[%emt 00:12:20]} 23. Bh3 {[%clk 00:52:54]} {[%emt 00:02:45]} Bf6
{[%clk 00:49:16]} {[%emt 00:02:32]} 24. Rd3 {[%clk 00:52:53]} {[%emt 00:00:31]}
Kg7 {[%clk 00:45:54]} {[%emt 00:03:53]} 25. a4 {[%clk 00:47:18]} {[%emt
00:06:05]} Qc5 {[%clk 00:28:40]} {[%emt 00:17:44]} 26. Rad1 {[%clk 00:36:02]}
{[%emt 00:11:46]} Qb4 {[%clk 00:23:20]} {[%emt 00:05:50]} 27. h5 {[%clk
00:33:31]} {[%emt 00:03:01]} h6 {[%clk 00:22:02]} {[%emt 00:01:47]} 28. hxg6
{[%clk 00:33:39]} {[%emt 00:00:22]} Kxg6 {[%clk 00:21:20]} {[%emt 00:01:13]} 29.
Rf3 {[%clk 00:32:55]} {[%emt 00:01:12]} Qc5 {[%clk 00:19:35]} {[%emt 00:02:16]}
30. Qd3 {[%clk 00:32:53]} {[%emt 00:00:31]} Rb4 {[%clk 00:19:01]} {[%emt
00:01:04]} 31. Rf5 {[%clk 00:32:42]} {[%emt 00:00:40]} Bg5 {[%clk 00:18:48]}
{[%emt 00:00:45]} 32. Bf1 {[%clk 00:26:43]} {[%emt 00:06:28]} h5 {[%clk
00:13:49]} {[%emt 00:05:30]} 33. Qf3 {[%clk 00:26:43]} {[%emt 00:00:30]} f6
{[%clk 00:13:42]} {[%emt 00:00:37]} 34. Be2 {[%clk 00:26:38]} {[%emt 00:00:35]}
Rh8 {[%clk 00:13:50]} {[%emt 00:00:21]} 35. Rxg5+ {[%clk 00:27:01]} {[%emt
00:00:08]} fxg5 {[%clk 00:10:49]} {[%emt 00:03:31]} 36. Qf5+ {[%clk 00:27:28]}
{[%emt 00:00:02]} Kg7 {[%clk 00:10:57]} {[%emt 00:00:22]} 37. Qd7+ {[%clk
00:27:53]} {[%emt 00:00:05]} Kg8 {[%clk 00:10:14]} {[%emt 00:01:13]} 38. Rxd6
{[%clk 00:28:18]} {[%emt 00:00:06]} Rb6 {[%clk 00:10:00]} {[%emt 00:00:44]} 39.
Qe6+ {[%clk 00:28:27]} {[%emt 00:00:21]} 1-0

[Event "XLIV Memoriał Szachowy Ludwika Zamenhofa 2025, Grupa B"]
[Site "Bialystok, Poland"]
[Date "2025.12.30"]
[Round "7.11"]
[White "Businski, Jan"]
[Black "Szuminski, Jakub"]
[Result "1/2-1/2"]
[TimeControl "90'+30\""]
[WhiteElo "1867"]
[BlackElo "1962"]

1. d4 {[%clk 01:30:59]} {[%emt 00:00:01]} d5 {[%clk 01:24:34]} {[%emt
00:06:26]} 2. Nf3 {[%clk 01:31:21]} {[%emt 00:00:08]} Nf6 {[%clk 01:25:00]}
{[%emt 00:00:04]} 3. c4 {[%clk 01:31:46]} {[%emt 00:00:05]} e6 {[%clk
01:25:27]} {[%emt 00:00:03]} 4. e3 {[%clk 01:32:08]} {[%emt 00:00:08]} b6
{[%clk 01:25:53]} {[%emt 00:00:04]} 5. b3 {[%clk 01:32:29]} {[%emt 00:00:09]}
Bb7 {[%clk 01:26:19]} {[%emt 00:00:03]} 6. Bd3 {[%clk 01:32:53]} {[%emt
00:00:06]} Bd6 {[%clk 01:26:45]} {[%emt 00:00:05]} 7. O-O {[%clk 01:33:13]}
{[%emt 00:00:10]} O-O {[%clk 01:27:10]} {[%emt 00:00:05]} 8. cxd5 {[%clk
01:33:25]} {[%emt 00:00:19]} exd5 {[%clk 01:27:24]} {[%emt 00:00:15]} 9. Ba3
{[%clk 01:33:46]} {[%emt 00:00:08]} Ne4 {[%clk 01:25:51]} {[%emt 00:02:04]} 10.
Qc2 {[%clk 01:30:21]} {[%emt 00:03:55]} Re8 {[%clk 01:24:13]} {[%emt 00:02:07]}
11. Bxd6 {[%clk 01:19:12]} {[%emt 00:11:40]} Qxd6 {[%clk 01:24:07]} {[%emt
00:00:36]} 12. Nc3 {[%clk 01:18:45]} {[%emt 00:00:57]} Nxc3 {[%clk 01:22:38]}
{[%emt 00:01:58]} 13. Qxc3 {[%clk 01:19:08]} {[%emt 00:00:08]} Nd7 {[%clk
01:22:18]} {[%emt 00:00:49]} 14. Qc2 {[%clk 01:03:06]} {[%emt 00:16:33]} g6
{[%clk 01:18:06]} {[%emt 00:04:42]} 15. Qb2 {[%clk 00:59:27]} {[%emt 00:04:09]}
a5 {[%clk 01:13:45]} {[%emt 00:04:51]} 16. Rac1 {[%clk 00:55:12]} {[%emt
00:04:45]} c6 {[%clk 01:12:14]} {[%emt 00:02:01]} 17. a3 {[%clk 00:45:06]}
{[%emt 00:10:36]} Ba6 {[%clk 01:05:52]} {[%emt 00:06:52]} 18. Rfd1 {[%clk
00:36:36]} {[%emt 00:08:59]} Bxd3 {[%clk 01:04:03]} {[%emt 00:02:20]} 19. Rxd3
{[%clk 00:37:05]} {[%emt 00:00:02]} b5 {[%clk 01:03:47]} {[%emt 00:00:45]} 20.
Rdc3 {[%clk 00:30:09]} {[%emt 00:07:25]} Rec8 {[%clk 01:03:28]} {[%emt
00:00:49]} 21. b4 {[%clk 00:20:38]} {[%emt 00:10:01]} Nb6 {[%clk 01:02:18]}
{[%emt 00:01:41]} 22. bxa5 {[%clk 00:18:48]} {[%emt 00:02:20]} Nc4 {[%clk
00:57:20]} {[%emt 00:05:26]} 23. Qb4 {[%clk 00:16:13]} {[%emt 00:03:06]} Qc7
{[%clk 00:57:46]} {[%emt 00:00:04]} 24. a4 {[%clk 00:11:57]} {[%emt 00:04:47]}
Rxa5 {[%clk 00:56:26]} {[%emt 00:01:50]} 25. axb5 {[%clk 00:12:13]} {[%emt
00:00:14]} Rxb5 {[%clk 00:56:51]} {[%emt 00:00:05]} 26. Qa4 {[%clk 00:12:26]}
{[%emt 00:00:16]} Rcb8 {[%clk 00:55:49]} {[%emt 00:01:32]} 27. Ne5 {[%clk
00:09:24]} {[%emt 00:03:33]} Nxe5 {[%clk 00:54:01]} {[%emt 00:02:18]} 28. dxe5
{[%clk 00:09:52]} Qxe5 {[%clk 00:52:55]} {[%emt 00:01:35]} 29. Rxc6 {[%clk
00:10:03]} {[%emt 00:00:20]} Rb1 {[%clk 00:52:15]} {[%emt 00:01:10]} 1/2-1/2